000
00333nam a2200157Ia 4500
100
_a
Chattopadhyay/Santanu
650
_a
Embedded
942
_c
BK
366
_f
20
245
_a
Embedded system design
260
_b
Prentice Hall of India
_c
2010
082
_a
3.3
_b
CHA
300
_a
186
546
_a
ENGLISH
_c
TTL
999
_c
19043
_d
19043